Metallurgy for engineers, (Record no. 5343)
[ view plain ]
| 000 -LEADER | |
|---|---|
| fixed length control field | 00711cam a22002531 4500 |
| 001 - CONTROL NUMBER | |
| control field | 10187205 |
| 005 - DATE AND TIME OF LATEST TRANSACTION | |
| control field | 20170822174852.0 |
| 008 - FIXED-LENGTH DATA ELEMENTS--GENERAL INFORMATION | |
| fixed length control field | 781016s1939 enka b 001 0 eng |
| 010 ## - LIBRARY OF CONGRESS CONTROL NUMBER | |
| LC control number | 40003272 |
| 035 ## - SYSTEM CONTROL NUMBER | |
| System control number | (OCoLC)4294114 |
| 040 ## - CATALOGING SOURCE | |
| Original cataloging agency | DLC |
| Transcribing agency | BSU |
| Modifying agency | BSU |
| 042 ## - AUTHENTICATION CODE | |
| Authentication code | premarc |
| 050 00 - LIBRARY OF CONGRESS CALL NUMBER | |
| Classification number | TN665 |
| Item number | .R68 |
| 082 ## - DEWEY DECIMAL CLASSIFICATION NUMBER | |
| Classification number | 669 ROL |
| Edition number | 22 |
| 100 1# - MAIN ENTRY--PERSONAL NAME | |
| Personal name | Rollason, Ernest Clarence. |
| 9 (RLIN) | 11304 |
| 245 10 - TITLE STATEMENT | |
| Title | Metallurgy for engineers, |
| Statement of responsibility, etc | by E. C. Rollason. |
| 260 ## - PUBLICATION, DISTRIBUTION, ETC. (IMPRINT) | |
| Place of publication, distribution, etc | London, |
| Name of publisher, distributor, etc | E. Arnold |
| Date of publication, distribution, etc | [1939] |
| 300 ## - PHYSICAL DESCRIPTION | |
| Extent | viii, 272 p. |
| Other physical details | illus., diagrs. |
| Dimensions | 22 cm. |
| 500 ## - GENERAL NOTE | |
| General note | "First published 1939." |
| 504 ## - BIBLIOGRAPHY, ETC. NOTE | |
| Bibliography, etc | "Selected bibliography": p. 263. |
| 650 #0 - SUBJECT ADDED ENTRY--TOPICAL TERM | |
| Topical term or geographic name as entry element | Metallurgy. |
| 9 (RLIN) | 11305 |
| 658 ## - INDEX TERM--CURRICULUM OBJECTIVE | |
| Main curriculum objective | Engineering |
| 942 ## - ADDED ENTRY ELEMENTS (KOHA) | |
| Source of classification or shelving scheme | Dewey Decimal Classification |
| Item type | Books |
| Withdrawn status | Lost status | Source of classification or shelving scheme | Damaged status | Not for loan | Collection code | Home library | Current library | Shelving location | Date acquired | Source of acquisition | Total Checkouts | Full call number | Barcode | Date last seen | Copy number | Price effective from | Koha item type |
|---|---|---|---|---|---|---|---|---|---|---|---|---|---|---|---|---|---|
| Dewey Decimal Classification | Main Library | Main Library | 17/06/2010 | Donation | 669 ROL | 21733 | 17/06/2013 | 1 | 17/06/2013 | Books |